00784 a2200181 45000010006000000050017000060080041000230030015000640400040000790800044001192450073001630200022002362640033002583000019002915050120003101000025004308560147004552213120260407155510.0260407a2013 arg spa dAR-UNSa-BCEJYS aAR-UNSa-BCEJYSbspacAR-UNSa-BCEJYS a343.9xCriminología. Criminalística10aPolítica criminal y gestión de riesgospgenealogìa y crítica a978-950-894-936-3 1aBuenos Aires :bAD-HOCc2013 a160 p.c23 cm. a1. Genealogía del actuarialismo penal - 2. Crítica del actuarialismo penal - 3. Las virtudes de la aleatoriedad1 aHarcourt, Bernard E.41uhttps://biblioeco.unsa.edu.ar/pmb/images/libros/Pol?tica Criminal y Gesti?n de Riesgos Genealog?a y Cr?tica.jpgyImagen de portadaqimage/jpeg